000 00297nam a22001337a 4500
008 171013b xxu||||| |||| 00| 0 eng d
020 _a9780072989687
041 _aeng
080 _26TH
_a316
100 _a51
101 _aSOC
245 _aEDLINQUENCY IN SOCIETY
_cREGOLI,R.M
942 _2udc
_cBK
999 _c33766
_d33766